<?xml version="1.0" encoding="UTF-8"?>
<record
    xmlns:xsi="http://www.w3.org/2001/XMLSchema-instance"
    xsi:schemaLocation="http://www.loc.gov/MARC21/slim http://www.loc.gov/standards/marcxml/schema/MARC21slim.xsd"
    xmlns="http://www.loc.gov/MARC21/slim">

  <leader>00792nam a22002057a 4500</leader>
  <controlfield tag="003">OSt</controlfield>
  <controlfield tag="005">20240527112204.0</controlfield>
  <controlfield tag="008">240527s2013    ag ||||| |||| 00| 1 spa d</controlfield>
  <datafield tag="020" ind1=" " ind2=" ">
    <subfield code="a">9789504936749</subfield>
  </datafield>
  <datafield tag="040" ind1=" " ind2=" ">
    <subfield code="c">besoc</subfield>
  </datafield>
  <datafield tag="100" ind1="1" ind2=" ">
    <subfield code="a">Fontanarrosa, Roberto,</subfield>
    <subfield code="d">1944-2007,</subfield>
    <subfield code="e">autor</subfield>
  </datafield>
  <datafield tag="245" ind1="1" ind2="0">
    <subfield code="a">Uno nunca sabe :</subfield>
    <subfield code="b">y otros cuentos /</subfield>
    <subfield code="c">Roberto Fontanarrosa</subfield>
  </datafield>
  <datafield tag="250" ind1=" " ind2=" ">
    <subfield code="a">1a ed.</subfield>
  </datafield>
  <datafield tag="260" ind1=" " ind2=" ">
    <subfield code="a">Buenos Aires :</subfield>
    <subfield code="b">Planeta,</subfield>
    <subfield code="c">2013</subfield>
  </datafield>
  <datafield tag="300" ind1=" " ind2=" ">
    <subfield code="a">348 p.</subfield>
  </datafield>
  <datafield tag="490" ind1="0" ind2=" ">
    <subfield code="a">Biblioteca Fontanarrosa Planeta </subfield>
  </datafield>
  <datafield tag="505" ind1="1" ind2=" ">
    <subfield code="a">El general Romero -- Angela y Celita -- Mi amigo David -- Un puente demasiado lejos -- El Choper -- Una historia de Navidad -- El peque&#xF1;o justiciero del Piave -- Conociendo a Kantrowitzv -- Cielo de los argentinos.- </subfield>
  </datafield>
  <datafield tag="650" ind1=" " ind2="4">
    <subfield code="a">Literatura argentina</subfield>
    <subfield code="v">Cuentos</subfield>
    <subfield code="y">Siglo XX</subfield>
  </datafield>
  <datafield tag="942" ind1=" " ind2=" ">
    <subfield code="2">udc</subfield>
    <subfield code="c">OG</subfield>
    <subfield code="n">0</subfield>
  </datafield>
  <datafield tag="999" ind1=" " ind2=" ">
    <subfield code="c">253</subfield>
    <subfield code="d">253</subfield>
  </datafield>
  <datafield tag="952" ind1=" " ind2=" ">
    <subfield code="0">0</subfield>
    <subfield code="1">0</subfield>
    <subfield code="2">udc</subfield>
    <subfield code="4">0</subfield>
    <subfield code="7">0</subfield>
    <subfield code="8">CG</subfield>
    <subfield code="a">ESOCIALES</subfield>
    <subfield code="b">ESOCIALES</subfield>
    <subfield code="d">2024-05-27</subfield>
    <subfield code="l">0</subfield>
    <subfield code="o">82-34(821.6) F679</subfield>
    <subfield code="p">000458</subfield>
    <subfield code="r">2024-05-27 00:00:00</subfield>
    <subfield code="w">2024-05-27</subfield>
    <subfield code="y">OG</subfield>
  </datafield>
</record>
